Como el agua que fluye /

La presente trata de tres relatos que tienen por marco la Europa del siglo XVIII.

Guardado en:
Bibliografiske detaljer
Hovedforfatter: Yourcenar, Marguerite (autor)
Format: Bog
Sprog:spansk
Udgivet: México : Alfaguara, 1985, c1985
Udgivelse:3a edición
Serier:(Alfaguara Literaturas ; 110)
Fag:
Tags: Tilføj Tag
Ingen Tags, Vær først til at tagge denne postø!

MARC

LEADER 00000nam^a2200000^a^4500
001 000019162
005 20250521000000.0
009 20260310084246.861
020 |a 84-204-2220-7 
037 |a Acervo ITESO - Biblioteca 
041 |a ESP 
082 |a 843.  |b YOU 
100 |a Yourcenar, Marguerite  |e (autor) 
245 1 0 |a Como el agua que fluye /  |c M. Yourcenar ; tr. por Emma Calatayud. 
250 |a 3a edición 
264 4 |a México :  |b Alfaguara,  |c 1985, c1985 
300 |a 276 p. 
336 |a texto  |b txt  |2 rdacontenido 
337 |a sin mediación  |b n  |2 rdamedio 
338 |a volumen  |b nc  |2 rdasoporte 
440 1 |a (Alfaguara Literaturas ;  |v 110) 
500 |a Traducción de: Comme l'eau qui coule 
520 |a La presente trata de tres relatos que tienen por marco la Europa del siglo XVIII. 
545 0 |a Marguerite Yourcenar (1903-1987) novelista francesa de origen belga, educada en Francia e Inglaterra. Enseñó literatura en Estados Unidos, donde vivió desde 1950 hasta su muerte. Es autora de los libros de poesía Fuegos (1936) y Las caridades de Alcipo (1950-1974); de las obras de teatro Electra o la caída de las máscaras (1954), El misterio de Alcestes (1963), ¿Quién no tiene su minotauro? (1963); de las obras de narrativa Alexis o el tratado del inútil combate (1929), Píndaro (1932), Cuentos orientales (1938), El tiro de gracia (1939), El denario del sueño (1934, 1959 y 1971), Memorias de Adriano (1951), Opus Nigrum (1968) y la trilogía El laberinto del mundo (1974-1980), y de los libros de ensayo A beneficio de inventario (1962), Presentación crítica de Kavafis (1958), Mishima o la visión del vacío (1980). 
649 |a XX 
650 |a Cuentos Franceses 
650 |a Literatura Francesa -  |y Siglo XX 
650 |a Literatura de Mujeres -  |z Francia 
650 |a Europa -  |x Historia -  |y Siglo XVIII 
910 |a Fondo General 
920 |a Impresos - Libros 
930 |a Colección General 
940 |a Literatura 
905 |a 101 
901 |a 0191620100  |b IT1  |c LIT  |i 019162  |u 20250521 
901 |a 0500001231  |b IT1  |c LIT  |u 20250521 
902 |a https://opac.biblio.iteso.mx/vufind/Record/000019162